书目信息 |
| 题名: |
表面活性剂应用技术
|
|
| 作者: | 肖进新 , 赵振国 著 | |
| 分册: | ||
| 出版信息: | 北京 化学工业出版社 2017.10 |
|
| 页数: | 397页 | |
| 开本: | 24cm | |
| 丛书名: | ||
| 单 册: | ||
| 中图分类: | TQ423.99 , TQ423 | |
| 科图分类: | ||
| 主题词: | 表面活性剂--应用--技术 | |
| 电子资源: | ||
| ISBN: | 978-7-122-30392-9 | |
| 000 | 00951nam0 2200241 450 | |
| 001 | 3691 | |
| 005 | 20181008131743.90 | |
| 010 | @a978-7-122-30392-9@dCNY98.00 | |
| 100 | @a20180217d2017 em y0chiy50 ea | |
| 101 | 0 | @achi |
| 102 | @aCN@b110000 | |
| 105 | @aa z 000yy | |
| 200 | 1 | @a表面活性剂应用技术@9biao mian huo xing ji ying yong ji shu@f肖进新,赵振国著 |
| 210 | @a北京@c化学工业出版社@d2017.10 | |
| 215 | @a397页@c图@d24cm | |
| 330 | @a本书对表面活性剂的增溶、润湿、分散/聚集等主要作用及机理、膜技术和泡沫技术进行了简单的介绍,重点阐述了表面活性剂在油田工业、日用化学工业、食品工业、纺织工业、造纸工业、水泥工业、金属加工工业、农业、高新技术领域、纳米科技、环境科学、医药和生物技术、化学研究领域中的应用。 | |
| 606 | 0 | @a表面活性剂@x应用@x技术 |
| 690 | @aTQ423.99@v5 | |
| 690 | @aTQ423@v4 | |
| 701 | 0 | @a肖进新@9xiao jin xin@4著 |
| 701 | 0 | @a赵振国@9zhao zhen guo@4著 |
| 801 | 0 | @aCN@b91MARC@c20180217 |
| 905 | @aMuseLib@dTQ423@e55 | |
| 表面活性剂应用技术/肖进新,赵振国著.-北京:化学工业出版社,2017.10 |
| 397页:图;24cm |
| ISBN 978-7-122-30392-9:CNY98.00 |
| 本书对表面活性剂的增溶、润湿、分散/聚集等主要作用及机理、膜技术和泡沫技术进行了简单的介绍,重点阐述了表面活性剂在油田工业、日用化学工业、食品工业、纺织工业、造纸工业、水泥工业、金属加工工业、农业、高新技术领域、纳米科技、环境科学、医药和生物技术、化学研究领域中的应用。 |
| ● |
| 相关链接 |
|
|
|
|
正题名:表面活性剂应用技术
索取号:TQ423/55
 
预约/预借
| 序号 | 登录号 | 条形码 | 馆藏地/架位号 | 状态 | 备注 |
| 1 | 1123257 | 211232575 | 第二样本阅览室/ [索取号:TQ423/55] | 在馆 | |
| 2 | 1123258 | 211232584 | 第三借阅区/ [索取号:TQ423/55] | 在馆 | |
| 3 | 1123259 | 211232593 | 第三借阅区/ [索取号:TQ423/55] | 在馆 | |
| 4 | 1123260 | 211232600 | 第三借阅区/ [索取号:TQ423/55] | 在馆 | |
| 5 | 1123261 | 211232619 | 化学系资料室/ [索取号:TQ423/55] | 在馆 |